000 00383 a2200169 4500
001 182767
020 _a
040 _cMagnum
100 _aBueno, Antonio Sergio
240 1 0 _aUfmg: livros do vestibular 1999
_lpor
245 1 0 _aUfmg: livros do vestibular 1999
300 _a100
362 0 _a1998
440 1 _aEditora do Brasil
697 _aLITERATURA GERAL
942 _cBK
999 _c182767
_d182767